[Event "WGM Marmaris Cleopatra 2018"]
[Site "Mentese Mugla"]
[Date "2018.10.29"]
[Round "7.10"]
[White "Isgandarova, Khayala"]
[Black "Zozulia, Anna"]
[Result "1-0"]
[WhiteElo "2194"]
[BlackElo "2292"]
[Annotator "TA"]
[PlyCount "83"]
[EventDate "2018.10.26"]
[EventType "tourn"]
[EventCountry "TUR"]
[SourceTitle "playchess.com"]
[Source "ChessBase"]
[SourceQuality "1"]

{[%evp 16,83,21,26,32,32,46,34,42,42,40,40,37,36,46,0,0,0,0,0,0,0,121,131,146,146,144,144,144,144,156,148,310,127,140,105,124,100,115,54,371,359,764,762,758,757,741,737,700,632,649,516,1911,503,1500,1571,1510,1509,1476,1386,1279,932,5357,5273,29980,29981,29992,29993,29995,29996]} 1. e4 c5 2. Nc3 Nc6 3. g3 g6 4. Bg2 Bg7 5. d3 e6 6. Be3 Nd4 7. Qd2 Qa5 8. Nf3 {B24: Closed Sicilian: 3 g3 sidelines} (8. Nh3 Nf6 9. f3 d5 10. O-O dxe4 11. dxe4 e5 12. Rad1 Be6 13. Kh1 O-O 14. Nf2 Rfd8 15. Qc1 b5 {½-½ (35) Gomez,J (2538)-Yang,K (2409) Mashhad 2011}) 8... Ne7 9. O-O {LiveBook: 3 Games} Nxf3+ 10. Bxf3 {White is slightly better.} Nc6 11. Bh6 O-O 12. Bg2 $146 ({Predecessor:} 12. h4 Nd4 13. Bd1 d6 14. Kg2 f6 15. h5 g5 16. Bxg7 Kxg7 {½-½ (43) Schmitt,T-Sehrt,J (2245) Germany 1995}) 12... d6 13. Bxg7 Kxg7 14. f4 Bd7 15. g4 f5 16. exf5 exf5 17. g5 Rae8 18. Qf2 h5 (18... Nd4 $11) 19. Nd5 $1 $16 (19. gxh6+ $6 Kxh6 20. Nd5 (20. Qg3 Kg7 $15) 20... Kg7 $11) 19... Nd4 {White must now prevent ...Re2.} 20. Rae1 Rxe1 21. Rxe1 Re8 22. c3 $1 {[%cal Bc2c3,Bc3d4,Bd4d5][%mdl 32] Strongly threatening b4.} Rxe1+ 23. Qxe1 {White wants to mate with Qe7+.} Nc6 $2 {[#]} (23... Ne6 $16 {was called for.}) 24. Nf6 (24. b4 $1 $18 {[%cal Rb4a5] and the rest is easy.} Qd8 25. b5) 24... Qd8 25. d4 cxd4 26. cxd4 Kf8 27. Qc3 ({White should play} 27. Kf2 $16) 27... Qe7 $2 {[%mdl 8192]} (27... Qc8 $1 $14) 28. d5 $18 Nd8 $2 (28... Nb8 29. Nxh5 (29. Nxd7+ Nxd7 30. Kf2 Qg7 $11) 29... Ke8 30. Qh8+ Qf8 31. Nf6+ Ke7 32. Qh7+ Qf7) 29. Nxd7+ Qxd7 30. Qh8+ Kf7 31. Qh7+ Ke8 32. Qxg6+ Kf8 33. Bh3 Qa4 (33... Nf7 $142 34. Qxf5 (34. Bxf5 Qa4 $18) 34... Qa4 35. Qc8+ Kg7 36. Qc3+ Kf8 37. Qc8+ Kg7 38. Qc3+ Kf8) 34. Qxf5+ (34. Qxd6+ $142 Ke8 35. Qe5+ Kf8 36. Qh8+ Kf7 {[#]} 37. g6+ $1 {[%mdl 512]} (37. Qxd8 Qd4+ 38. Kh1 Qe4+ 39. Kg1 Qe3+ 40. Kg2 Qd2+ 41. Kf3 Qd3+ 42. Kf2 Qd2+ 43. Kg1 Qd4+ 44. Kg2 Qd2+ 45. Kf3 Qd3+ 46. Kg2 Qd2+ $11) 37... Kxg6 38. Qg8+ (38. Qxd8 Qd4+ 39. Kg2 Qd2+ 40. Kf3 Qd3+ 41. Kf2 Qd2+ 42. Kf3 Qd3+ 43. Kf2 Qd2+ 44. Kf3 $11) 38... Kf6 39. Qxd8+ Kf7 40. Qc7+ Kg8 41. Qe5) 34... Ke8 (34... Nf7 $142 35. Qc8+ Kg7 36. Qc3+ (36. Qxb7 Qd4+ 37. Kg2 Qd2+ 38. Kf3 Qd3+ 39. Kg2 Qe2+ 40. Kg3 Qe3+ 41. Kg2 Qe2+ 42. Kg1 Qe3+ 43. Kg2 Qe2+ $11) 36... Kf8) 35. Qg6+ Nf7 36. Qe6+ Kf8 37. g6 {[%csl Gg6][%cal Re6f7]} Qd4+ 38. Kg2 {[%csl Gg6][%cal Re6f7]} Qxb2+ 39. Kg3 {[%csl Gg6][%cal Re6f7]} h4+ 40. Kg4 {[%csl Gg6][%cal Re6f7] White mates.} Nh8 41. Kg5 Qxh2 42. Qxd6+ {Precision: White = 55%, Black = 39%.} 1-0

[Event "WGM Marmaris Cleopatra 2018"]
[Site "Mentese Mugla"]
[Date "2018.10.29"]
[Round "8.6"]
[White "Zozulia, Anna"]
[Black "Ince, Safiye Oyku"]
[Result "1-0"]
[WhiteElo "2292"]
[BlackElo "1855"]
[Annotator "NA"]
[PlyCount "71"]
[EventDate "2018.10.26"]
[EventType "tourn"]
[EventCountry "TUR"]
[SourceTitle "playchess.com"]
[Source "ChessBase"]
[SourceQuality "1"]
[TimeControl "5400+30"]

1. e4 {[%emt 0:00:30]} c5 {[%emt 0:00:30]} 2. Nf3 {[%emt 0:00:00]} e6 {[%emt 0:00:00]} 3. b3 {[%emt 0:00:00]} d5 {[%emt 0:00:00]} 4. exd5 {[%emt 0:00:30]} exd5 {[%emt 0:00:30]} 5. d4 {[%emt 0:05:30]} Nf6 {[%emt 0:00:30]} 6. Bb5+ {[%emt 0:03:30]} Nc6 {[%emt 0:05:30]} 7. O-O {[%emt 0:01:30] LiveBook: 6 Partien} Be7 {[%emt 0:00:30]} 8. dxc5 {[%emt 0:01:30]} O-O {[%emt 0:10:30]} 9. Bxc6 {[%emt 0:14:30]} bxc6 {[%emt 0:00:00]} 10. Be3 {[%emt 0:02:30]} Bg4 {[%emt 0:11:00]} 11. Nbd2 {[%emt 0:15:30]} a5 {[%emt 0:20:30]} 12. c4 {[%emt 0:07:30]} dxc4 $14 {[%emt 0:06:30]} 13. Nxc4 {[%emt 0:00:30]} Nd5 {[%emt 0:00:30]} 14. Rc1 {[%emt 0:12:30]} Nxe3 {[%emt 0:15:30]} 15. Nxe3 {[%emt 0:00:30]} Qxd1 {[%emt 0:00:30]} 16. Rfxd1 {[%emt 0:00:30]} Bxf3 {[%emt 0:00:00]} 17. gxf3 {[%emt 0:00:00]} Rfd8 {[%emt 0:00:00]} 18. Rxd8+ {[%emt 0:07:00]} Rxd8 {[%emt 0:00:30]} 19. Nc4 {[%emt 0:00:00]} Ra8 {[%emt 0:04:30]} 20. Ne5 {[%emt 0:06:00]} Ra6 {[%emt 0:00:30]} 21. Rd1 {[%emt 0:10:48]} f6 {[%emt 0:06:32]} 22. Rd7 {[%emt 0:00:37]} Kf8 {[%emt 0:00:58]} 23. Nd3 {[%emt 0:00:07]} f5 {[%emt 0:03:58]} 24. Kf1 {[%emt 0:00:24]} Bf6 {[%emt 0:00:24]} 25. Ke2 {[%emt 0:01:08]} Ke8 {[%emt 0:00:38]} 26. Rb7 {[%emt 0:03:18]} Kd8 {[%emt 0:04:34]} 27. Ke3 {[%emt 0:00:23]} h6 {[%emt 0:03:33]} 28. Kf4 {[%emt 0:03:47]} g6 {[%emt 0:00:03]} 29. Rf7 {[%emt 0:01:04]} Be7 {[%emt 0:00:18]} 30. Ke5 {[%emt 0:00:19]} Ra7 {[%emt 0:00:07]} 31. Ke6 {[%emt 0:00:41]} Ke8 {[%emt 0:00:13]} 32. Ne5 {[%emt 0:00:47]} Bxc5 {[%emt 0:00:18]} 33. Rxa7 {[%emt 0:00:06]} Bxa7 {[%emt 0:00:04]} 34. Nxc6 {[%emt 0:00:29]} Bxf2 {[%emt 0:00:06]} 35. Nxa5 {[%emt 0:00:10]} Bg1 {[%emt 0:00:04]} 36. h3 {[%emt 0:00:00]} 1-0

[Event "WGM Marmaris Cleopatra 2018"]
[Site "Mentese Mugla"]
[Date "2018.10.29"]
[Round "8.7"]
[White "Tsatsalashvili, Keti"]
[Black "Soyunlu, Narmin"]
[Result "1-0"]
[WhiteElo "2330"]
[BlackElo "2014"]
[Annotator "NA"]
[PlyCount "67"]
[EventDate "2018.10.26"]
[EventType "tourn"]
[EventCountry "TUR"]
[SourceTitle "playchess.com"]
[Source "ChessBase"]
[SourceQuality "1"]
[TimeControl "5400+30"]

1. d4 {[%emt 0:00:30]} Nf6 {[%emt 0:01:30]} 2. c4 {[%emt 0:00:00]} e6 {[%emt 0:00:30]} 3. Nc3 {[%emt 0:00:00]} Bb4 {[%emt 0:00:00]} 4. e3 {[%emt 0:00:00]} O-O {[%emt 0:00:00]} 5. Bd3 {[%emt 0:01:00]} d5 {[%emt 0:00:30]} 6. Nf3 {[%emt 0:00:30]} c5 {[%emt 0:00:00]} 7. a3 {[%emt 0:00:30]} Bxc3+ {[%emt 0:00:00]} 8. bxc3 {[%emt 0:00:00]} dxc4 {[%emt 0:04:30]} 9. Bxc4 {[%emt 0:00:00]} Qc7 {[%emt 0:00:00]} 10. Be2 {[%emt 0:01:30] LiveBook: 46 Games} Nbd7 {[%emt 0:11:00] E53: Nimzo-Indian: Rubinstein: Main Line (4...0-0 5 Nf3 d5 6 Bd3 c5 7 0-0)} (10... b6 11. O-O Bb7 12. Bb2 Nbd7 13. h3 Rfd8 14. a4 Rac8 15. a5 h6 16. axb6 axb6 17. Ra7 Ra8 18. Rxa8 Rxa8 19. c4 Rc8 20. Qb3 Qc6 {½-½ (51) Nepomniachtchi,I (2768)-Inarkiev,E (2690) Satka 2018}) 11. O-O {[%emt 0:00:30]} e5 {[%emt 0:00:30]} 12. a4 $146 {[%emt 0:03:30]} ({Predecessor:} 12. Bb2 b6 13. dxe5 Nxe5 14. c4 Ned7 15. Qd3 Bb7 16. Rfd1 Rfd8 17. Qf5 Qc6 18. Qg5 {1-0 (33) Spacek,P (2423)-Hosek,M (2302) Czechia 2008}) 12... e4 {[%emt 0:06:30]} 13. Nd2 {[%emt 0:00:30]} b6 {[%emt 0:01:30]} 14. a5 {[%emt 0:01:30]} Bb7 {[%emt 0:02:30]} 15. Bb2 {[%emt 0:01:30]} Rfd8 {[%emt 0:07:30]} 16. Qb3 {[%emt 0:00:30]} bxa5 {[%emt 0:17:30]} (16... cxd4 $142 17. cxd4 Bd5) 17. Qa3 {[%emt 0:05:30]} Nb6 {[%emt 0:10:30]} 18. Qxa5 {[%emt 0:01:30]} Rd5 {[%emt 0:03:30]} 19. c4 {[%emt 0:02:30]} Rg5 {[%emt 0:06:30]} 20. d5 {[%emt 0:01:30]} Ng4 {[%emt 0:02:30]} 21. Bxg4 {[%emt 0:01:30]} Rxg4 {[%emt 0:00:30]} 22. h3 {[%emt 0:01:30]} Rh4 {[%emt 0:00:30]} 23. Qc3 {[%emt 0:04:30]} f6 {[%emt 0:02:30]} 24. Qc2 {[%emt 0:03:30]} Re8 {[%emt 0:06:03]} 25. Rxa7 {[%emt 0:01:30]} Nc8 {[%emt 0:00:05]} 26. Qa4 $18 {[%emt 0:07:30]} Re7 {[%emt 0:01:00]} 27. Ra5 {[%emt 0:00:30]} Nb6 {[%emt 0:08:54]} 28. Qb5 {[%emt 0:05:30]} Nd7 {[%emt 0:00:23]} 29. Rd1 {[%emt 0:10:30]} Bc8 {[%emt 0:04:08]} 30. Nf1 {[%emt 0:00:30]} Qd6 {[%emt 0:01:05]} 31. Qc6 {[%emt 0:02:30]} Qxc6 {[%emt 0:02:45]} 32. dxc6 {[%emt 0:00:00]} Nb6 {[%emt 0:00:00]} 33. Rb5 {[%emt 0:00:00]} Nxc4 {[%emt 0:00:55]} 34. Rd8+ {[%emt 0:00:30]} 1-0

[Event "WGM Marmaris Cleopatra 2018"]
[Site "Mentese Mugla"]
[Date "2018.10.29"]
[Round "8.8"]
[White "Tereladze, Sopiko"]
[Black "Arda, Cagil Irmak"]
[Result "1/2-1/2"]
[WhiteElo "2161"]
[BlackElo "2096"]
[Annotator "NA"]
[PlyCount "65"]
[EventDate "2018.10.26"]
[EventType "tourn"]
[EventCountry "TUR"]
[SourceTitle "playchess.com"]
[Source "ChessBase"]
[SourceQuality "1"]
[TimeControl "5400+30"]

1. d4 {[%emt 0:01:30]} Nf6 {[%emt 0:00:30]} 2. Nf3 {[%emt 0:00:00]} d5 {[%emt 0:00:00]} 3. Bf4 {[%emt 0:00:00]} c5 {[%emt 0:00:00]} 4. e3 {[%emt 0:00:30]} Nc6 {[%emt 0:00:30]} 5. Nc3 {[%emt 0:01:30]} Bg4 {[%emt 0:04:30]} 6. Be2 {[%emt 0:04:30]} e6 {[%emt 0:03:30]} 7. O-O {[%emt 0:08:30] LiveBook: 20 Games} Be7 {[%emt 0:03:30]} 8. Ne5 {[%emt 0:02:30]} cxd4 {[%emt 0:07:30]} 9. exd4 {[%emt 0:00:30]} Bxe2 {[%emt 0:00:30]} 10. Nxe2 {[%emt 0:00:30]} Rc8 {[%emt 0:00:30]} 11. c3 {[%emt 0:00:30]} O-O {[%emt 0:02:30]} 12. Ng3 {[%emt 0:01:30]} b5 {[%emt 0:03:30]} 13. a3 {[%emt 0:02:30]} a5 {[%emt 0:01:30]} 14. Re1 $11 {[%emt 0:09:30]} g6 {[%emt 0:08:30]} 15. Bh6 {[%emt 0:01:30]} Re8 {[%emt 0:00:00]} 16. Qe2 {[%emt 0:00:30]} Qb6 {[%emt 0:06:00]} 17. Nxf7 {[%emt 0:08:30]} Nxd4 {[%emt 0:00:30]} 18. cxd4 {[%emt 0:00:00]} Kxf7 {[%emt 0:00:00]} 19. Rad1 {[%emt 0:01:00]} Rc6 {[%emt 0:05:00]} 20. Nf1 {[%emt 0:00:30]} Kg8 {[%emt 0:03:30]} 21. Ne3 {[%emt 0:01:30]} Bf8 {[%emt 0:02:30]} 22. Bxf8 {[%emt 0:06:30]} Rxf8 {[%emt 0:00:30]} 23. Ng4 {[%emt 0:00:30]} Nxg4 {[%emt 0:00:30]} 24. Qxg4 {[%emt 0:00:00]} Rf5 {[%emt 0:00:30]} 25. Re2 {[%emt 0:02:00]} Qc7 {[%emt 0:02:30]} 26. h3 {[%emt 0:07:30]} Qf4 {[%emt 0:08:30]} 27. Qxf4 {[%emt 0:00:30]} Rxf4 {[%emt 0:00:30]} 28. Rd3 {[%emt 0:02:30]} b4 {[%emt 0:05:30]} 29. g3 {[%emt 0:03:30]} Rf8 {[%emt 0:02:30]} 30. Kg2 {[%emt 0:00:00]} Rb8 {[%emt 0:01:30]} 31. axb4 {[%emt 0:01:00]} axb4 {[%emt 0:02:30]} 32. Kf3 {[%emt 0:00:30]} Rf8+ {[%emt 0:02:30]} 33. Ke3 {[%emt 0:00:30]} 1/2-1/2

[Event "WGM Marmaris Cleopatra 2018"]
[Site "Mentese Mugla"]
[Date "2018.10.29"]
[Round "8.9"]
[White "Abdulla, Khayala"]
[Black "Okuyaz, Duru"]
[Result "1-0"]
[WhiteElo "2168"]
[BlackElo "2108"]
[Annotator "NA"]
[PlyCount "59"]
[EventDate "2018.10.26"]
[EventType "tourn"]
[EventCountry "TUR"]
[SourceTitle "playchess.com"]
[Source "ChessBase"]
[SourceQuality "1"]
[TimeControl "5400+30"]

1. e4 {[%emt 0:00:30]} e6 {[%emt 0:00:30]} 2. d4 {[%emt 0:00:00]} d5 {[%emt 0:00:30]} 3. Nc3 {[%emt 0:00:00]} Nf6 {[%emt 0:00:30]} 4. Bg5 {[%emt 0:00:00]} dxe4 {[%emt 0:00:00]} 5. Nxe4 {[%emt 0:00:00]} Be7 {[%emt 0:00:00]} 6. Bxf6 {[%emt 0:00:30]} gxf6 {[%emt 0:00:30]} 7. Nf3 {[%emt 0:00:00]} f5 {[%emt 0:00:30]} 8. Nc3 {[%emt 0:00:00]} a6 {[%emt 0:01:30] C13: French: Classical System: 4 Bg5 Be7, Alekhine-Chatard Attack} 9. g3 {[%emt 0:01:30]} (9. Qd2 b5 10. O-O-O b4 11. Na4 Qd5 12. b3 Bd7 13. Bc4 Qd6 14. d5 e5 15. Rhe1 e4 16. Nd4 {1-0 (40) Carlsen,M (2832)-Grischuk,A (2750) chess.com INT 2017}) 9... b5 {[%emt 0:00:30]} 10. Bg2 {[%emt 0:00:30]} Bb7 {[%emt 0:00:30]} 11. O-O {[%emt 0:00:30]} O-O {[%emt 0:00:30] LiveBook: 58 Games} 12. Ne5 {[%emt 0:00:30]} Bxg2 {[%emt 0:00:00]} 13. Kxg2 {[%emt 0:00:00]} Ra7 {[%emt 0:01:00]} 14. Re1 {[%emt 0:04:00]} b4 $146 {[%emt 0:06:30]} ({Besser ist} 14... Bf6 $11) ({Predecessor:} 14... Qd6 15. Qh5 Nd7 16. Nxd7 Qxd7 {1-0 (40) Can,I (2265)-Okuyaz,D (2238) Djenovici 2017}) 15. Na4 {[%emt 0:02:30]} Qe8 {[%emt 0:02:30]} 16. Nc5 {[%emt 0:03:30]} Nc6 {[%emt 0:01:30]} 17. Ned7 {[%emt 0:06:30]} Qa8 {[%emt 0:06:30]} 18. Nxf8 {[%emt 0:00:30]} Nxd4+ {[%emt 0:00:30]} 19. f3 {[%emt 0:00:30]} Bxc5 {[%emt 0:00:30]} 20. Nd7 {[%emt 0:00:30]} Qc6 {[%emt 0:00:30]} 21. Ne5 {[%emt 0:01:30]} Qd6 {[%emt 0:00:30]} 22. Qd3 {[%emt 0:07:30]} Rb7 {[%emt 0:01:30]} 23. Nc4 {[%emt 0:01:30]} Qe7 {[%emt 0:04:30]} 24. Rad1 $18 {[%emt 0:03:30]} Rb8 {[%emt 0:01:30]} 25. c3 {[%emt 0:00:30]} bxc3 {[%emt 0:00:30]} 26. bxc3 {[%emt 0:00:30]} Nb5 {[%emt 0:00:30]} 27. Ne5 {[%emt 0:01:30]} Qd6 {[%emt 0:00:30]} 28. Nd7 {[%emt 0:05:30]} Rc8 {[%emt 0:02:30]} 29. Qc4 {[%emt 0:00:30]} Bd4 {[%emt 0:00:30]} 30. a4 {[%emt 0:01:30]} 1-0

[Event "WGM Marmaris Cleopatra 2018"]
[Site "Mentese Mugla"]
[Date "2018.10.28"]
[Round "8.10"]
[White "Dimitrijevic, Aleksandra"]
[Black "Isgandarova, Khayala"]
[Result "1/2-1/2"]
[WhiteElo "2189"]
[BlackElo "2194"]
[Annotator "TA"]
[PlyCount "37"]
[EventDate "2018.10.26"]
[EventType "tourn"]
[EventCountry "TUR"]
[SourceTitle "playchess.com"]
[Source "ChessBase"]
[SourceQuality "1"]

{[%evp 12,37,4,11,20,12,19,-9,-23,-13,-14,-9,2,-18,0,-7,16,-13,19,0,9,-8,20,0,20,-6,29,0]} 1. e4 e6 2. d4 d5 3. exd5 exd5 4. Nf3 Bd6 5. Bd3 Nf6 6. O-O O-O 7. Re1 {LiveBook: 25 Games} Re8 {C01: French: Exchange Variation} (7... Bg4 8. Bg5 h6 9. Bh4 Nbd7 10. Nbd2 c6 11. c3 Qc7 12. Qc2 Rfe8 13. Bg3 Bxg3 14. hxg3 Rxe1+ 15. Rxe1 Re8 16. Rxe8+ Nxe8 {½-½ (49) Aronian,L (2767)-Caruana,F (2822) chess.com INT 2018}) 8. Rxe8+ Qxe8 9. Qe1 Qxe1+ {The position is equal.} 10. Nxe1 Nc6 $146 ({Predecessor:} 10... c6) 11. c3 Be6 12. Nd2 Ne7 13. Nf1 Bf5 14. Be2 Bg4 15. Bd3 Bf5 16. Be2 Bg4 17. Bd3 Bf5 18. Be2 Bg4 19. Bd3 {Precision: White = 28%, Black = 22%.} 1/2-1/2

[Event "WGM Marmaris Cleopatra 2018"]
[Site "Mentese Mugla"]
[Date "2018.10.30"]
[Round "9.6"]
[White "Ince, Safiye Oyku"]
[Black "Dimitrijevic, Aleksandra"]
[Result "1/2-1/2"]
[WhiteElo "1855"]
[BlackElo "2189"]
[Annotator "TA"]
[PlyCount "64"]
[EventDate "2018.10.26"]
[EventType "tourn"]
[EventCountry "TUR"]
[SourceTitle "playchess.com"]
[Source "ChessBase"]
[SourceQuality "1"]

{[%evp 16,64,50,58,110,60,56,30,39,29,79,36,43,8,14,0,27,10,2,0,48,20,46,30,86,83,108,100,108,88,108,93,108,108,108,108,129,79,79,79,79,72,72,65,65,0,65,0,65,0,65]} 1. e4 c5 2. Nf3 d6 3. c3 Nf6 4. h3 Nc6 5. Bd3 e5 6. Bc2 Be7 7. O-O {B50: Sicilian: 2...d6, Miscellaneous} O-O 8. d4 Qc7 (8... cxd4 9. cxd4 Nb4 10. Nc3 Nxc2 11. Qxc2 Qc7 12. Be3 d5 13. dxe5 Nxe4 14. Rac1 Nxc3 15. Qxc3 Qxc3 16. Rxc3 {½-½ (63) Yudin,S (2546)-Naiditsch,A (2705) Dubai 2014}) 9. d5 {LiveBook: 6 Games. White is slightly better.} Nb8 (9... Na5 $14) 10. Na3 $146 {[%cal Bb1a3,Ba3c4,Bc4e3][%mdl 32]} ({Predecessor:} 10. c4 a6 11. Nc3 h6 12. Nh2 Nbd7 13. Bd3 Rb8 14. a4 {1-0 (28) Wilschut,P (2306)-Van Dael,S (2212) Leiden 2018}) 10... a6 11. Nc4 b5 12. Ne3 Re8 13. Nh4 {[%cal Bf3h4,Bh4g2,Bg2e3][%mdl 32]} g6 14. Qf3 Nbd7 15. g3 Bf8 16. Ng4 Nxg4 17. hxg4 f6 18. Ng2 Bg7 19. Ne3 Nf8 (19... c4 $11 {keeps the balance.}) 20. Kg2 $16 Bd7 21. Bd2 Reb8 22. Rac1 a5 23. a3 a4 24. Rh1 Qd8 25. Qe2 c4 26. f4 Ra7 27. f5 g5 28. Rh2 Be8 29. Rch1 Rc7 30. Rc1 Ra7 $1 31. Rch1 Rc7 $1 32. Rc1 Ra7 $1 {Precision: White = 42%, Black = 42%.} 1/2-1/2

[Event "WGM Marmaris Cleopatra 2018"]
[Site "Mentese Mugla"]
[Date "2018.10.30"]
[Round "9.7"]
[White "Soyunlu, Narmin"]
[Black "Zozulia, Anna"]
[Result "1-0"]
[WhiteElo "2014"]
[BlackElo "2292"]
[Annotator "TA"]
[PlyCount "103"]
[EventDate "2018.10.26"]
[EventType "tourn"]
[EventCountry "TUR"]
[SourceTitle "playchess.com"]
[Source "ChessBase"]
[SourceQuality "1"]

{[%evp 16,103,15,1,29,0,0,0,37,16,31,-28,-33,-29,-35,-41,-1,-50,9,0,93,0,0,0,2,7,10,-37,-31,-61,-67,-48,-35,-24,16,-21,0,-57,-25,-35,-24,-34,-32,-83,-77,-92,0,0,15,0,46,19,28,0,55,20,136,0,0,0,430,430,484,334,593,565,451,0,573,564,609,0,372,0,589,592,600,591,553,576,455,439,544,525,402,76,5435,5435,1682,177]} 1. c4 g6 2. g3 Bg7 3. Bg2 d6 4. Nc3 e5 5. e3 Nf6 6. d4 O-O 7. Nge2 Nbd7 8. h3 Re8 9. b3 {LiveBook: 25 Games} Nf8 {E61: King's Indian: Early deviations for White, including Smyslov System} (9... exd4 10. Nxd4 Nc5 11. Bb2 c6 12. O-O a5 13. Qc2 Qe7 14. Rad1 h5 15. Rfe1 Nfe4 16. Nxe4 Nxe4 17. Nf3 Bxb2 18. Qxb2 {1-0 (50) Ghaem Maghami,E (2596)-Schmaltz,R (2504) Berlin 2015}) 10. a4 a5 11. Ba3 $146 ({Predecessor:} 11. Ra2 exd4 12. exd4 h5 13. O-O Bf5 14. Kh2 Ne4 15. Nd5 c6 16. Ne3 Bc8 {½-½ (47) Paehtz,T (2420)-Horvath,G (2273) Austria 2007}) 11... Ne6 {The position is equal.} 12. dxe5 dxe5 13. O-O (13. Qxd8 $14 Rxd8 14. O-O) 13... c6 $11 14. Qxd8 Rxd8 15. Rad1 Re8 16. Rd2 Nf8 (16... Bf8 $15 17. Bxf8 Rxf8) 17. Rfd1 Be6 (17... Ne6 $11 {keeps the balance.}) 18. Kh2 (18. g4 $16) 18... h5 19. Nc1 N8d7 {[%cal Bf8d7,Bd7b8,Bb8a6,Ba6b4,Bb4c2][%mdl 32]} 20. e4 Nb8 21. Nd3 Nfd7 22. Nc5 Nxc5 23. Bxc5 Na6 24. Bb6 $1 Nb4 25. Bf1 Bf8 26. Rd8 (26. Rb1 $11) 26... Rexd8 27. Rxd8 Rxd8 28. Bxd8 Nc2 {Threatens to win with ...Nd4.} 29. Bxa5 ({White should play} 29. Be2 $15) 29... Nd4 $17 30. b4 Be7 (30... Nb3 $17) 31. c5 Kf8 32. Kg2 Ke8 33. Bd3 Kd7 34. Bb6 f5 ({Better is} 34... Bb3 $1 $11) 35. a5 Bd8 (35... Bg5 $11) 36. b5 ({White should try} 36. Bxd8 $16 Kxd8 37. f4) 36... cxb5 $11 {Strongly threatening ...b4.} 37. Nxb5 Nxb5 $2 {[%mdl 8192] [#]} (37... fxe4 $11 38. Bf1 Nb3) 38. Bxb5+ {[%mdl 4096] Endgame KBB-KBB} Ke7 39. exf5 gxf5 $2 (39... Bxf5 40. h4 e4) 40. Be2 Bf7 41. Bb5 $2 (41. Kf3 $18) 41... Bd5+ $2 {[%mdl 8192]} (41... Be6 $11 {and Black has nothing to worry.}) 42. Kf1 $18 Be6 43. Kg2 Bd5+ $1 44. Kf1 (44. f3 $142 Bb3 {[#]} 45. Bc6 $1 {[%mdl 512]}) 44... Be6 $1 45. Bxd8+ Kxd8 {KB-KB} 46. c6 bxc6 47. Bxc6 Kc7 48. Be8 f4 49. Bxh5 Bxh3+ 50. Ke2 $2 (50. Ke1 $18) 50... Kd6 $2 {[%mdl 8192]} (50... fxg3 $16 51. fxg3 Kb7) 51. gxf4 exf4 52. a6 $2 {Precision: White = 27%, Black = 41%.} (52. Kf3 Kc6 53. Be8+ Kc5 54. Kxf4) 1-0